Fast Typing World Capitals : Hard Version - Statistics

General Stats
  • This quiz has been taken 22 times
  • The average score is 6 of 20
Answer Stats
Hint Answer % Correct
Djibouti Djibouti
92%
Roseau Roseau
83%
Lilongwe Lilongwe
75%
Chisinau Chisinau
67%
Tarawa Atoll Tarawa Atoll
67%
Liberville Liberville
50%
Tegucigalpa Tegucigalpa
42%
Bassasterre Bassasterre
25%
Bleomfontein Bleomfontein
25%
Addis Ababa Addis Ababa
17%
Llubljana Llubljana
17%
Antananarivo Antananarivo
8%
Bandar Seri Begawan Bandar Seri Begawan
8%
Naypyidaw Naypyidaw
8%
N'Djamena N'Djamena
8%
Nouakchott Nouakchott
8%
Ouagadougou Ouagadougou
8%
Santo Domingo Santo Domingo
8%
Podgorica Podgorica
0%
Reykjavik Reykjavik
0%
No matching quizzes found
Score Distribution
Percent of People with Each Score
Percentile by Number Answered
Your Score History
You have not taken this quiz